Statistiche per Sestieri di Venezia su una mappa

Clicka qui per fare il quiz!

Statistiche generali

  • Questo quiz è stato fatto 51 volte
  • Il punteggio medio è 4 su 6

Risposte nella Mappa

Le risposte nella mappa del quiz sottostante sono codificate secondo una scala di colori dal rosso al verde in base alla % di persone che hanno risposto correttamente.
 

Statistiche sulle risposte

Sestiere% Corretto
San Marco
100%
Castello
74%
San Polo
74%
Cannaregio
71%
Dorsoduro
69%
Santa Croce
43%

Distribuzione punteggi

Percentile per numero di risposta

Percentuale di utenti per punteggio

I tuoi punteggi nel tempo

Non hai fatto questo quiz